000 00550nam a2200205Ia 4500
005 20250508154618.0
008 008 250505s9999 xx 000 0 eng d
037 _aTextBook
040 _aFEDL
_beng
_cFEDL
041 _aeng
_2eng
084 _a370.1, SIN
_qFEDL
100 _aSingh R P
245 0 _aDemocratic philosophy of education
260 _aAllahabad, India
_bKitab Mahal
_c1966
300 _axii,165p
365 _aINR
_b10
650 _aEducational Philosophy
942 _cTB
_h370.1, SIN
999 _c1351200
_d1351200